Miasta w Polsce zakończone na -cko na mapie - Statystyki

Ogólne statystyki
  • Ten quiz został rozwiązany 242 razy
  • Średni wynik to 3 z 6
Odpowiedzi na mapie
Odpowiedzi zakodowano w zielono-czerwonej skali na mapie do tego quizu, zgodnie z poniższymi procentami.
 
Statystyki odpowiedzi
Województwo Miasto % Poprawnych
Warmińsko-mazurskie Giżycko
84%
Warmińsko-mazurskie Olecko
69%
Warmińsko-mazurskie Tolkmicko
53%
Podkarpackie Dubiecko
31%
Wielkopolskie Kłecko
27%
Wielkopolskie Obrzycko
25%
Nie znaleziono quizów pasujących do podanych kryteriów
Rozkład punktacji
Procent ludzi z każdym wynikiem
Percentyl według liczby udzielonych odpowiedzi
Twoja historia wyników
Nie rozwiązałeś tego quizu